| 000 | 00992 a2200205 4500 | ||
|---|---|---|---|
| 001 | 54744 | ||
| 005 | 20260407155823.0 | ||
| 008 | 260407a1972 arg spa d | ||
| 003 | AR-UNSa-BCEJYS | ||
| 040 |
_aAR-UNSa-BCEJYS _bspa _cAR-UNSa-BCEJYS |
||
| 080 |
_a316.334.55 _xComunidades rurales. Sociología rural |
||
| 245 | 1 | 0 |
_aLa Tierra Ajena _pdrama de la juventud agraria Argentina |
| 264 | 1 |
_aBuenos Aires : _bEdiciones La Bastilla _c1972 |
|
| 300 |
_a168 p. _c20 cm. |
||
| 505 | _aI. Una constante sociohistórica - II. Lo que caracteriza a la juventud campesina - III. Uniones de hecho - IV. Los que abandonan el campo - V. ¿Cuántos jóvenes viven en zonas rurales? - VI. La juventud agraria y la tenencia de la tierra - VII. La juventud agraria y la legislación sobre tierra y colonización - VIII. Aspiraciones de la juventud - IX. La juventud y la propiedad de la tierra | ||
| 041 | _aspa | ||
| 942 | _cBK | ||
| 590 | _aniveau_biblio:m niveau_hierar:0 | ||
| 100 | 1 | _aGori, Gastón | |
| 999 |
_c5766 _d5766 |
||